Study on pilgrimage and Puri pilgrim centre (Record no. 21817)
[ view plain ]
| 000 -LEADER | |
|---|---|
| fixed length control field | 00606nam a2200181Ia 4500 |
| 082 ## - DEWEY DECIMAL CLASSIFICATION NUMBER | |
| Classification number | RP.0254 |
| 100 ## - MAIN ENTRY--AUTHOR NAME | |
| Personal name | Patnaik, Nityananda |
| 245 #0 - TITLE STATEMENT | |
| Title | Study on pilgrimage and Puri pilgrim centre |
| 260 ## - PUBLICATION, DISTRIBUTION, ETC. (IMPRINT) | |
| Year of publication | Indian Council of Social Science Research.New Delhi |
| 300 ## - PHYSICAL DESCRIPTION | |
| Number of Pages | 177p. |
| 504 ## - BIBLIOGRAPHY, ETC. NOTE | |
| Bibliography, etc | includes bibliography |
| 650 ## - SUBJECT ADDED ENTRY--TOPICAL TERM | |
| Topical Term | Hindu pilimgrims and pilgrimages - Puri (Orissa) |
| 650 ## - SUBJECT ADDED ENTRY--TOPICAL TERM | |
| Topical Term | Hindu shrines - Puri (Orissa) |
| 650 ## - SUBJECT ADDED ENTRY--TOPICAL TERM | |
| Topical Term | Pilgrims and pilgrimages - Puri (Orissa) |
| 650 ## - SUBJECT ADDED ENTRY--TOPICAL TERM | |
| Topical Term | Puri Pilgrim Centre |
| 710 ## - ADDED ENTRY--CORPORATE NAME | |
| Corporate name or jurisdiction name as entry element | Social Science and Development Research Institute (SSADRI) |
| 942 ## - ADDED ENTRY ELEMENTS (KOHA) | |
| Koha item type | Research Reports |
| Source of classification or shelving scheme | Dewey Decimal Classification |
| Withdrawn status | Lost status | Damaged status | Not for loan | Collection code | Home library | Current library | Date acquired | Source of acquisition | Bill Date | Full call number | Accession Number | Price effective from | Koha item type |
|---|---|---|---|---|---|---|---|---|---|---|---|---|---|
| Major Research Project Reports | NASSDOC Library | NASSDOC Library | 25/06/2004 | Gifted by : R.P.Division,ICSSR | 2004-10-05 | RP.0254 | 39886 | 18/04/2019 | Research Reports | ||||
| Major Research Project Reports | NASSDOC Library | NASSDOC Library | 25/06/2004 | Gifted by : R.P.Division,ICSSR | 2004-10-05 | RP.0254 | 39887 | 18/04/2019 | Research Reports |
